Úvod do počítačové typografie /

Hlavní autor: Hrubý, Jaroslav, 1945-2016
Korporativní autor: Leonardo da Vinci (program)
Jazyk: Čeština
Vydáno: Praha : Federace rodičů a přátel sluchově postižených, 2003
Témata:
Externí odkaz: Digitalizovaný dokument (Sv. 1, učebnice)
Digitalizovaný dokument
Fyzický popis: 2 sv. : il. (převážně barev.) ; 30 cm
Odebírané svazky: 1-2
Knihy
Uloženo v:
LEADER 02222nam a22004572aa4500
001 001890909
003 CZ BrMZK
005 20240403080550.0
007 ta
008 240403s2003 xr a er|||||||||||cze d
015 |a cnb001488601 
020 |a 80-86792-02-1  |q (sv. 1. ;  |q brož.) 
020 |a 80-86792-03-X  |q (sv. 2. ;  |q brož.) 
035 |a (OCoLC)85123457 
040 |a ABA001  |b cze 
072 7 |a 004.9  |x Speciální počítačové metody. Počítačová grafika  |2 Konspekt  |9 23 
072 7 |a 37.016  |x Učební osnovy. Vyučovací předměty. Učebnice  |2 Konspekt  |9 22 
080 |a 004.9:655.2  |2 MRF 
080 |a (075)  |2 MRF 
080 |a (072)  |2 MRF 
100 1 |a Hrubý, Jaroslav,  |d 1945-2016  |7 jk01042951  |4 aut 
245 1 0 |a Úvod do počítačové typografie /  |c Jaroslav Hrubý 
246 1 5 |a Úvod do počítačové typografie (nejen) pro neslyšící 
260 |a Praha :  |b Federace rodičů a přátel sluchově postižených,  |c 2003 
300 |a 2 sv. :  |b il. (převážně barev.) ;  |c 30 cm 
500 |a Vydáno s přispěním programu Leonardo Evropské unie v rámci projektu CZ/00/B/F/PP134029-internet jako potencionální zdroj nových pracovních příležitostí pro neslyšící 
504 |a Obsahuje bibliografii a rejstřík 
505 0 |a sv. 1. učebnice. 269 s. -- sv. 2. materiály pro učitele. 172 s. + 1 CD 
650 0 7 |a počítačová typografie  |7 ph115865  |2 czenas 
655 7 |a učebnice  |7 fd133770  |2 czenas 
655 7 |a metodické příručky  |7 fd132826  |2 czenas 
710 2 |a Leonardo da Vinci (program)  |7 kn20040615008 
856 4 1 |u http://www.digitalniknihovna.cz/mzk/uuid/uuid:59a25f60-106d-11e3-beb8-005056827e51  |y Digitalizovaný dokument  |z Sv. 1, učebnice 
856 4 1 |u http://www.digitalniknihovna.cz/mzk/uuid/uuid:c4077ab0-b536-11ee-801f-005056825209  |y Digitalizovaný dokument  |x NDK 
910 |a BOA001  |b 3-1139.794  |s 1-2 
920 |a 000734406 
920 |a 000734384 
990 |a BK 
991 |b 202404 
996 6 |b 2610228357  |c 3-1139.794  |d 1. učebnice  |v 1  |l MZK  |r Sklad / do 1 hodiny  |n 8  |p p.v.  |w 001959358  |u 000020  |a 1  |e BOA001  |j MZK50  |s P 
996 6 |b 2610228362  |c 3-1139.794  |d 2. materiály pro učitele  |v 2  |l MZK  |r Sklad / do 1 hodiny  |n 1  |p p.v.  |w 001959358  |u 000030  |a 1  |e BOA001  |j MZK50  |s P